| 000 | 00942nam a22002297a 4500 | ||
|---|---|---|---|
| 999 |
_c9136 _d9136 |
||
| 003 | AR-CdUCM | ||
| 008 | 190327b ||||| |||| 00| 0 spa d | ||
| 040 |
_aMUNICIPALIDAD PROVINCIAL DEL CUSCO _cBIBLIOTECA MUNICIPAL DEL CUSCO |
||
| 082 |
_a869.53 / _bU7 / 1951 |
||
| 245 |
_aUsca paucar : _bdrama quechua del siglo XVIII / |
||
| 260 |
_aLima : _b[Sociedad peruana de historia], _c1951. |
||
| 300 |
_a178 páginas ; _c24.5 cm. |
||
| 440 |
_aSerie I: Monografías _917081 |
||
| 500 | _aPrimera edición crítica. Sobretiro de la revista DOCUMENTA II-1. | ||
| 505 | _aContenido: aparato crítico, con referencia al texto de Middendorf -- Texto modernizado y mejorado -- Traducción Castellana ... | ||
| 650 |
_aTeatro histórico peruano _93120 |
||
| 650 |
_aÉpoca Colonial. _9645 |
||
| 650 |
_aTeatro peruano _92697 |
||
| 700 |
_aMeneses, Teodoro L. (Introducción, traducción y notas) _917082 |
||
| 942 |
_2ddc _cLIBROS |
||
| 945 | _alccs | ||